| 000 | 00668nam a22001937a 4500 | ||
|---|---|---|---|
| 003 | OSt | ||
| 005 | 20260116030427.0 | ||
| 008 | 260116b |||||||| |||| 00| 0 eng d | ||
| 020 | _a978-971-23-4810-5. | ||
| 040 |
_aDWCL-Main lib _cOC |
||
| 082 |
_26th edition _aFil. 349.28 Az998l 2007 |
||
| 100 | _aAzucena, C. A. | ||
| 245 |
_aThe labor code with comments and cases : _bpart of the labor- law-labor relations series, vol. 1 _cAzucena, C. A. |
||
| 260 |
_aQuezon City : _bRex Book Store, Inc., _cc2007. |
||
| 300 |
_axliv, 833 pages ; _c23 cm. |
||
| 650 | _21. Industrial relations. | ||
| 650 | _22. Labor laws-Philippines. | ||
| 942 |
_2ddc _cBK - FIL _e6th ed. _kFil. _n0 |
||
| 999 |
_c7480 _d7480 |
||